1684 1881 1350 1366 1482 1755 1463 1049 1027 1743 1916 1825 1158 1818 1352 1688 1926 1276 1815 1252 1124 1481 1485 1664 1000 1286 1949 1358 1563 1958 1777 1950 1215 1979 1869 1326 1238 1580 1338 1236 1651 1255 1633 1707 1790 1110 1311 1269 1287 1556 1478 1149 1689 1440 1974 1365 1198 1224 1233 1026 1596 1589 1198 1433 1106 1641 1871 1300 1519 1587 1416 1117 1572 1444 1273 1829 1608 1777 1276 1291 1198 1967 1723 1630 1007 1735 1168 1036 1193 1547 1953 1336 1793 1367 1321 1450 1591 1590 1683 BCNSPRNW ULIB Ver.6.0+V

เปลี่ยนเป็นภาษาไทย

Change to English
 แสดงรายละเอียดบรรณานุกรม
  กลับหน้าหลัก

Brief Record : Get Marc (ISO 2709) : E-mail record : QR code < ปิดหน้าต่าง
LEADER : 00000nam 2200000uu 4500
001    13399112852
003     ULIB
008    110914s2551||||th 000 0 tha d
020    9789740440017
090    นว.^bบ111จ 2551
100 0  เฉียวอัน
245 00 จอมใจนายทัพ/^cเฉียวอัน
250    พิมพ์ครั้งที่ 1
260    กรุงเทพฯ :^bแจ่มใส,^c2551
300    266 หน้า
710 1  แจ่มใส
945    ^p179^l0^i15020
995    กัณชพร
999    ^aใช้งานได้ทุกระบบ
รายการนี้ยังไม่มีแท็ก
คุณยังไม่ได้ล็อกอิน คุณสามารถมีกิจกรรมร่วมกับเว็บไซต์ได้ แต่ต้องล็อกอินก่อน ::
  ล็อกอิน

รายการสื่อสารสนเทศ

ลำดับที่ ประเภท เลขเรียก/บาร์โค้ด สถานที่ สถานะ
1. วิทยาศาสตร์การแพทย์ และสุขภาพ
วิทยาศาสตร์การแพทย์ และสุขภาพ
นว. บ111จ 2551  
  Barcode: 15020
ห้องสมุดวิทยาเขตสวรรค์ประชารักษ์
►นวนิยาย
บนชั้น
  ขอยืม

รายการใกล้เคียง
    ผู้แต่ง [เฉียวอัน]

BibComment


ยังไม่เคยถูกคอมเมนท์

คอมเมนท์ทรัพยากรรายการนี้
  คอมเมนท์: จอมใจนายทัพ เฉียว..


 Copyright 2026. Bcnsprnw @Library